000 00277nam a22001217a 4500
020 _aNA
082 _222
_a005.117
100 _aBruce, Kim B.
245 _aFoundation of object oriented languages /
260 _bPrentice Hall,
_cc2004.
300 _a0
_bill. ;
942 _2ddc
_cIT
999 _c4276
_d4276